[Event "Reykjavik Open 2024"]
[Site "Reykjavik ISL"]
[Date "2024.03.18"]
[Round "5.137"]
[White "Jonatansson, Sigurdur Freyr"]
[Black "Smith, Alexander"]
[Result "0-1"]
[WhiteElo "1731"]
[BlackElo "1857"]
[WhiteFideId "2303116"]
[BlackFideId "30996910"]
[EventDate "2024.03.15"]

1. e4 c5 2. Nf3 Nc6 3. c3 Nf6 4. e5 Nd5 5. d4 cxd4 6. cxd4 d6 7. Bc4 Nb6 8.
Bxf7+ Kxf7 9. Ng5+ Kg8 10. e6 Qe8 11. Nf7 Bxe6 12. Nxh8 Bc4 13. Na3 Ba6 14. Nc2
Kxh8 15. d5 Ne5 16. Nb4 Qb5 17. Bd2 Nxd5 18. a4 Qc4 19. Rc1 Qe4+ 20. Be3 Nxe3
21. f3 Qxb4+ 22. Qd2 Nxg2+ 23. Kd1 Qb3+ 24. Rc2 Ne3+ 25. Ke1 Nxf3+ 0-1

[Event "Reykjavik Open 2024"]
[Site "Reykjavik ISL"]
[Date "2024.03.18"]
[Round "5.138"]
[White "Abbott, James"]
[Black "Liagre, Nicolas Gonzague Henri"]
[Result "1-0"]
[WhiteElo "1852"]
[BlackElo "1698"]
[WhiteFideId "2078082"]
[BlackFideId "6002390"]
[EventDate "2024.03.15"]

1. d4 d5 2. Nf3 c6 3. c4 e6 4. Qc2 Nf6 5. Bg5 Be7 6. e3 Nbd7 7. Nc3 h6 8. Bf4
O-O 9. h3 Bb4 10. Nd2 Re8 11. a3 Bf8 12. Nf3 Qa5 13. Bd3 dxc4 14. Bxc4 b5 15.
Ba2 b4 16. axb4 Qxb4 17. O-O Nd5 18. Bh2 Bb7 19. e4 N5b6 20. e5 Be7 21. Bb1 Nf8
22. Ne4 c5 23. dxc5 Bxe4 24. Qxe4 Qxc5 25. Bf4 Qd5 26. Rc1 Qd7 27. Ba2 Rec8 28.
Rd1 Qb5 29. Nd4 Qe8 30. Bb3 a5 31. Be3 a4 32. Ba2 a3 33. bxa3 Bxa3 34. Nxe6 Nxe6
35. Bxb6 Bb2 36. Bxe6 Rxa1 37. Rxa1 Bxa1 38. Bxc8 Qxc8 39. Be3 Bb2 40. g4 Ba3
41. Kg2 Be7 42. f4 Qa6 43. Bd4 Qa2+ 44. Bf2 Bh4 45. Qf3 Be7 46. Kg3 Qa6 47. f5
Qa5 48. Bd4 Qe1+ 49. Qf2 Qe4 50. Qe3 Qd5 51. e6 Qd8 52. Qe4 Qb8+ 53. Kg2 Qd8 54.
Kf3 Bg5 55. exf7+ Kxf7 56. Qe6+ Kf8 57. Bc5+ Be7 58. Bxe7+ Qxe7 59. Qxe7+ Kxe7
60. h4 Kf6 61. Kf4 1-0

[Event "Reykjavik Open 2024"]
[Site "Reykjavik ISL"]
[Date "2024.03.18"]
[Round "5.139"]
[White "Keenan, Alex"]
[Black "Arun, Rahul"]
[Result "0-1"]
[WhiteElo "1839"]
[BlackElo "1693"]
[WhiteFideId "2409518"]
[BlackFideId "2524210"]
[EventDate "2024.03.15"]

1. Nf3 d5 2. g3 Nf6 3. Bg2 e6 4. O-O Be7 5. d3 O-O 6. Nbd2 Nbd7 7. e4 Nb6 8. e5
Ne8 9. Qe2 c6 10. h4 h6 11. Nh2 f5 12. exf6 Nxf6 13. Bh3 Qd6 14. Re1 Kh8 15.
Bxe6 Bxe6 16. Qxe6 Rae8 17. Qxd6 Bxd6 18. Rxe8 Rxe8 19. Kf1 Nh5 20. Ndf3 Nxg3+
21. fxg3 Bxg3 22. Bd2 Rf8 23. Re1 Na4 24. b3 Nc5 25. Bxh6 Bxh2 26. Bxg7+ Kxg7
27. Kf2 Bd6 28. Re3 Nd7 0-1

[Event "Reykjavik Open 2024"]
[Site "Reykjavik ISL"]
[Date "2024.03.18"]
[Round "5.140"]
[White "Owen, Garth I"]
[Black "Solsker, Jonas"]
[Result "1-0"]
[WhiteElo "1834"]
[BlackElo "1681"]
[WhiteFideId "10700382"]
[BlackFideId "7204124"]
[EventDate "2024.03.15"]

1. c4 Nf6 2. g3 e6 3. Bg2 d5 4. Nf3 Be7 5. O-O dxc4 6. Na3 c6 7. Nxc4 b5 8. Nce5
Bb7 9. Qc2 O-O 10. b3 Qb6 11. Bb2 c5 12. Rac1 Nbd7 13. Ng5 g6 14. Nxd7 Nxd7 15.
Ne4 Rac8 16. Qc3 e5 17. f3 f5 18. Nf2 Bf6 19. Qc2 c4 20. Kh1 Nc5 21. bxc4 Na4
22. Ba3 Rxc4 23. Qb3 Bd5 24. Bxf8 Qxf2 25. Qxb5 Rxc1 26. Qxd5+ Kxf8 27. Rxc1 Qd4
28. Rc8+ 1-0

[Event "Reykjavik Open 2024"]
[Site "Reykjavik ISL"]
[Date "2024.03.18"]
[Round "5.141"]
[White "Perchard, Matthew"]
[Black "Glasschroeder, Maximilian"]
[Result "0-1"]
[WhiteElo "1724"]
[BlackElo "1833"]
[WhiteFideId "343404235"]
[BlackFideId "34652590"]
[EventDate "2024.03.15"]

1. e4 c6 2. d4 d5 3. e5 Bf5 4. Bd3 Bxd3 5. Qxd3 Qa5+ 6. Nd2 e6 7. Nf3 Qa6 8. c4
c5 9. O-O Nc6 10. a3 cxd4 11. b3 Bb4 12. Bb2 Bxd2 13. Qxd2 dxc4 14. bxc4 Qxc4
15. Rac1 Qd5 16. Rc2 Nge7 17. Rfc1 O-O 18. Rc5 Qe4 19. Re1 Qf5 20. Bxd4 Rad8 21.
Qb2 b6 22. Rc2 Nxd4 23. Nxd4 Rxd4 24. Rc7 Nd5 25. Qxd4 Nxc7 26. Qd7 Qc2 27. Rd1
h6 28. h3 Nd5 29. Rf1 Qc7 30. Qa4 Qxe5 31. Qc6 Rd8 32. Rd1 Qd6 33. Qa4 Qc7 34.
Qd4 Rc8 35. Qg4 Qc4 36. Rd4 Qc1+ 37. Kh2 Rc2 38. Rd1 Qf4+ 39. Qxf4 Nxf4 40. Kg3
Nd5 41. Kf3 Rc3+ 42. Ke4 Rxa3 43. h4 Nc3+ 44. Kd4 Nxd1 45. g4 b5 46. f4 b4 47.
f5 b3 48. g5 b2 49. fxe6 fxe6 50. gxh6 gxh6 51. h5 b1=Q 52. Ke5 Ra5+ 53. Kd6
Ra6+ 54. Ke7 Qb7+ 55. Kf6 0-1

[Event "Reykjavik Open 2024"]
[Site "Reykjavik ISL"]
[Date "2024.03.18"]
[Round "5.142"]
[White "Chilton, James I"]
[Black "Karlinder, Lovis Neo"]
[Result "1-0"]
[WhiteElo "1823"]
[BlackElo "1642"]
[WhiteFideId "423009"]
[BlackFideId "34664785"]
[EventDate "2024.03.15"]

1. d4 d5 2. c4 e6 3. Bf4 Nf6 4. Nc3 c6 5. e3 Bd6 6. Bxd6 Qxd6 7. Nf3 Nbd7 8. Bd3
dxc4 9. Bxc4 O-O 10. O-O Nb6 11. Bd3 Bd7 12. Rc1 Rfc8 13. Ne5 c5 14. dxc5 Rxc5
15. Bxh7+ 1-0

[Event "Reykjavik Open 2024"]
[Site "Reykjavik ISL"]
[Date "2024.03.18"]
[Round "5.143"]
[White "Gilsson, Asmund"]
[Black "De Castro, Manuel"]
[Result "1-0"]
[WhiteElo "1821"]
[BlackElo "1603"]
[WhiteFideId "1541242"]
[BlackFideId "651002493"]
[EventDate "2024.03.15"]

1. d4 d5 2. c4 Nc6 3. e3 Nf6 4. h3 e5 5. dxe5 Nxe5 6. Nf3 Nxf3+ 7. Qxf3 Be6 8.
b3 c6 9. Bd3 dxc4 10. Bxc4 Bxc4 11. bxc4 Qd3 12. Qe2 Qxe2+ 13. Kxe2 Be7 14. Bb2
O-O 15. Nd2 Nd7 16. Rab1 Rab8 17. Bc3 Rfe8 18. Rhd1 Nc5 19. Bd4 b6 20. Bxc5 Bxc5
21. Nb3 Bf8 22. Rd7 Re7 23. Rbd1 Rxd7 24. Rxd7 a5 25. a4 g6 26. Nd4 Rc8 27. Kd3
Bc5 28. Nb3 Bf8 29. f3 Kg7 30. Nd4 Bc5 31. Ne6+ Kf6 32. Nxc5 bxc5 33. Ra7 Rd8+
34. Kc2 Rb8 35. Rxa5 Rb4 36. Rxc5 Rxa4 37. Rxc6+ Ke5 38. Rc7 Ke6 39. Kd3 Ra1 40.
Rb7 Rc1 41. Rb2 Rd1+ 42. Rd2 Rc1 43. Rc2 Rd1+ 44. Ke4 f5+ 45. Kf4 h6 46. c5 Rd7
47. e4 g5+ 48. Ke3 f4+ 49. Kf2 Rc7 50. g3 Ke5 51. Rc4 Rc6 52. Kg2 Ke6 53. gxf4
gxf4 54. Kf2 Kd7 55. Ke2 Rg6 56. c6+ Kc7 57. e5 Re6 58. Rc5 Rxc6 59. Rxc6+ Kxc6
60. Kd3 Kd5 61. e6 Kxe6 62. Ke4 h5 63. Kxf4 Kf6 64. h4 Kg6 65. Ke5 Kf7 66. Kf5
Kg7 67. Kg5 Kh7 68. Kxh5 Kg7 69. Kg5 Kg8 70. Kg6 Kh8 71. f4 Kg8 72. f5 Kh8 73.
Kf7 Kh7 74. Ke7 1-0

[Event "Reykjavik Open 2024"]
[Site "Reykjavik ISL"]
[Date "2024.03.18"]
[Round "5.144"]
[White "Adlerborn, Elis"]
[Black "Oskarsson, Markus Orri"]
[Result "0-1"]
[WhiteElo "1719"]
[BlackElo "1816"]
[WhiteFideId "1768280"]
[BlackFideId "2320118"]
[EventDate "2024.03.15"]

1. e4 c5 2. d4 cxd4 3. c3 Nf6 4. e5 Nd5 5. cxd4 d6 6. exd6 e6 7. Nc3 Nxc3 8.
bxc3 Bxd6 9. Nf3 Qc7 10. Qc2 Nd7 11. Bd3 h6 12. O-O b6 13. Be4 Rb8 14. h3 Nf6
15. Nd2 O-O 16. Bf3 Ba6 17. Re1 Rbc8 18. Qa4 Qxc3 19. Rb1 Bd3 20. Rb3 Bc2 21.
Rxc3 Bxa4 22. Rxc8 Rxc8 23. Ne4 Nxe4 24. Bxe4 Bb4 25. Rf1 Bb5 26. Rd1 Be2 27.
Bb7 Rc7 28. Bf4 Rxb7 29. Rb1 Be7 30. a4 Bc4 31. a5 b5 32. a6 Rd7 33. Be3 Bg5 34.
d5 Bxe3 35. dxe6 Bxf2+ 0-1

[Event "Reykjavik Open 2024"]
[Site "Reykjavik ISL"]
[Date "2024.03.18"]
[Round "5.145"]
[White "Seshadri, Sridhar"]
[Black "Kristinsson, Magnus"]
[Result "0-1"]
[WhiteElo "1680"]
[BlackElo "1810"]
[WhiteFideId "30913942"]
[BlackFideId "2305682"]
[EventDate "2024.03.15"]

1. d4 Nf6 2. e3 g6 3. Be2 Bg7 4. h4 d5 5. h5 gxh5 6. Bxh5 c5 7. Bf3 Bf5 8. c3
Qc7 9. Qa4+ Nbd7 10. dxc5 Qxc5 11. Na3 O-O 12. Qf4 Bg6 13. Ne2 e5 14. Qg5 Rad8
15. Ng3 e4 16. Be2 Rfe8 17. Nc2 Ne5 18. Nh5 Nxh5 19. Bxh5 Nd3+ 20. Kf1 Rd6 21.
Qh4 Bxh5 22. Qxh5 Rh6 23. Qxh6 Bxh6 24. Rxh6 Re5 25. Nd4 Qe7 26. Bd2 Kg7 27. Rh3
Qf6 28. f4 Nxb2 29. Rb1 Nc4 30. Bc1 Re8 31. Rb5 Qa6 32. a3 Nd6 33. Rg3+ Kf8 34.
a4 Nxb5 35. axb5 Qa1 36. Ne2 Rc8 37. Kf2 Rc5 38. Rh3 Kg8 39. Bd2 Rxb5 40. Rg3+
Kf8 41. c4 Rb2 0-1

[Event "Reykjavik Open 2024"]
[Site "Reykjavik ISL"]
[Date "2024.03.18"]
[Round "5.146"]
[White "Aoun, Karim"]
[Black "Vollmar, Timo"]
[Result "0-1"]
[WhiteElo "1670"]
[BlackElo "1809"]
[WhiteFideId "5314216"]
[BlackFideId "16253582"]
[EventDate "2024.03.15"]

1. e4 e5 2. Nf3 Nc6 3. Bc4 Bc5 4. c3 Nf6 5. d3 O-O 6. O-O d5 7. exd5 Nxd5 8. Re1
Bg4 9. Nbd2 Nb6 10. b4 Be7 11. a4 Re8 12. a5 Nxc4 13. Nxc4 Bf6 14. b5 Nb8 15.
Ba3 Nd7 16. h3 Bh5 17. Ncd2 Nf8 18. Ne4 Ne6 19. Re3 Ng5 20. Ned2 e4 21. dxe4
Bxf3 22. Nxf3 Nxe4 23. Qxd8 Raxd8 24. Rae1 Bxc3 25. R1e2 Nf6 26. Rxe8+ Rxe8 27.
Rxe8+ Nxe8 28. a6 b6 29. Kf1 f6 30. Ke2 Kf7 31. Kd3 Be5 32. Ke4 Ke6 33. Nd2 Bd6
34. Nc4 Bxa3 35. Nxa3 Kd6 36. Kd4 c6 37. Kc4 Nc7 38. bxc6 Kxc6 39. f4 b5+ 40.
Kb4 Kb6 41. Kc3 Kc5 42. Kd3 Nxa6 43. Ke4 Nc7 44. g4 b4 45. Nb1 a5 46. h4 Nb5 47.
Kf5 Nd4+ 48. Ke4 a4 49. Kd3 a3 0-1

[Event "Reykjavik Open 2024"]
[Site "Reykjavik ISL"]
[Date "2024.03.18"]
[Round "5.147"]
[White "Cooper, Malcolm H"]
[Black "Olafsson, Olafur Orn"]
[Result "1-0"]
[WhiteElo "1804"]
[BlackElo "1542"]
[WhiteFideId "469580"]
[BlackFideId "2312042"]
[EventDate "2024.03.15"]

1. d4 Nf6 2. c4 e6 3. Nf3 d5 4. Nc3 Bb4 5. Bg5 O-O 6. e3 b6 7. cxd5 exd5 8. Qc2
Bb7 9. a3 Bxc3+ 10. Qxc3 Nbd7 11. Bd3 h6 12. Bh4 Rc8 13. O-O g5 14. Bg3 Ne4 15.
Qc2 Nxg3 16. hxg3 Nf6 17. Bf5 Rb8 18. Rfc1 Bc8 19. Ne5 Bxf5 20. Qxf5 Rb7 21. Rc6
Kg7 22. Rac1 Re8 23. Nxf7 Kxf7 24. Rxf6+ Qxf6 25. Qxd5+ Qe6 26. Qxb7 Qb3 27.
Rxc7+ Kg8 28. Kh2 Qe6 29. Rc6 Qe4 30. Rc7 Qg6 31. Qd5+ Re6 32. Rc8+ Kf7 33. g4
h5 34. Rc6 hxg4 35. Qxe6+ Qxe6 36. Rxe6 Kxe6 37. e4 1-0

[Event "Reykjavik Open 2024"]
[Site "Reykjavik ISL"]
[Date "2024.03.18"]
[Round "5.148"]
[White "Saemundsson, Thor"]
[Black "Zarriess, Benjamin"]
[Result "0-1"]
[WhiteElo "1626"]
[BlackElo "1798"]
[WhiteFideId "2407493"]
[BlackFideId "34606645"]
[EventDate "2024.03.15"]

1. d4 d5 2. Nf3 Nf6 3. e3 c5 4. b3 cxd4 5. exd4 Nc6 6. Bb2 Bg4 7. Bd3 e6 8. O-O
Be7 9. a3 O-O 10. Nbd2 Rc8 11. Qe1 Re8 12. Ne5 Nxe5 13. dxe5 Nd7 14. Rc1 Nc5 15.
Be2 Bf5 16. b4 Na4 17. Ba1 Nc3 18. Bxc3 Rxc3 19. Nb3 Rxc2 20. Nd4 Rxc1 21. Qxc1
Bg6 22. Qe3 Qb8 23. b5 Bc5 24. Rc1 Bb6 25. Qd2 Qxe5 26. Nf3 Qb8 27. a4 Rc8 28.
Rxc8+ Qxc8 29. a5 Bd8 30. Qb4 Qc1+ 31. Ne1 Qc7 32. b6 axb6 33. a6 bxa6 34. Bxa6
Be7 35. Qa4 0-1

[Event "Reykjavik Open 2024"]
[Site "Reykjavik ISL"]
[Date "2024.03.18"]
[Round "5.149"]
[White "Hasini, Kamabathula"]
[Black "Kaergaard, Sissel"]
[Result "1/2-1/2"]
[WhiteElo "1612"]
[BlackElo "1795"]
[WhiteFideId "25712837"]
[BlackFideId "1434195"]
[EventDate "2024.03.15"]

1. e4 c6 2. d4 d5 3. e5 Bf5 4. Nd2 e6 5. Nb3 Nd7 6. Nf3 a6 7. Be2 c5 8. c3 c4 9.
Nbd2 Ne7 10. Nf1 Nc6 11. Ng3 Bg6 12. Bg5 Be7 13. Bxe7 Qxe7 14. Qd2 b5 15. a3 O-O
16. O-O Na5 17. Bd1 Nb6 18. Qe3 Na4 19. Qd2 Nb6 20. Qe3 Na4 21. Qd2 1/2-1/2

[Event "Reykjavik Open 2024"]
[Site "Reykjavik ISL"]
[Date "2024.03.18"]
[Round "5.150"]
[White "Eiriksson, Theodor"]
[Black "Gudnyjarson, Sigurdur Pall"]
[Result "1/2-1/2"]
[WhiteElo "1579"]
[BlackElo "1789"]
[WhiteFideId "2322277"]
[BlackFideId "2321637"]
[EventDate "2024.03.15"]

1. d4 d5 2. c4 e6 3. Nc3 Nf6 4. Nf3 c6 5. e3 Nbd7 6. Bd3 dxc4 7. Bxc4 Nb6 8. Bd3
c5 9. dxc5 Bxc5 10. O-O O-O 11. Qc2 Qe7 12. Bd2 Rd8 13. Rfd1 Bd7 14. Rac1 Rac8
15. Qb1 h6 16. Ne4 Nxe4 17. Bxe4 Bc6 18. Bxc6 Rxc6 19. b4 Bd6 20. Rxc6 bxc6 21.
Nd4 Qb7 22. Rc1 Be5 23. Nf3 Bf6 24. Qe4 Nd5 25. Qc4 Ne7 26. h3 Rd7 27. Bc3 Bxc3
28. Qxc3 Nd5 29. Qb3 Rc7 30. Rb1 Qb6 31. Ne1 a5 32. bxa5 Qxa5 33. Qc2 Rc8 34.
Nd3 c5 35. Qc4 Qd2 36. Rb2 Qd1+ 37. Kh2 Qa1 38. Rb5 Qc3 39. Qxc3 Nxc3 1/2-1/2

[Event "Reykjavik Open 2024"]
[Site "Reykjavik ISL"]
[Date "2024.03.18"]
[Round "5.151"]
[White "Visser, Wouter"]
[Black "Tourbez, Geofrey"]
[Result "1-0"]
[WhiteElo "1789"]
[BlackElo "1517"]
[WhiteFideId "1082566"]
[BlackFideId "653058810"]
[EventDate "2024.03.15"]

1. d4 Nf6 2. Nf3 g6 3. c4 Bg7 4. Nc3 O-O 5. Bf4 d6 6. Qd2 c6 7. Bh6 Bg4 8. Bxg7
Kxg7 9. h3 Bxf3 10. exf3 Re8 11. f4 Nbd7 12. Be2 e5 13. fxe5 dxe5 14. O-O exd4
15. Qxd4 Nf8 16. Rad1 Ne6 17. Qd2 Qxd2 18. Rxd2 Rad8 19. Rfd1 Rxd2 20. Rxd2 c5
21. Bf3 Re7 22. Nb5 b6 23. Kf1 a6 24. Nd6 Nd4 25. Nc8 Re6 26. Bd5 Nxd5 27. cxd5
Re8 28. Nxb6 Rd8 29. b4 Ne6 30. dxe6 Rxd2 31. e7 1-0

[Event "Reykjavik Open 2024"]
[Site "Reykjavik ISL"]
[Date "2024.03.18"]
[Round "5.158"]
[White "Eythorsson, Engilbert Vidar"]
[Black "Manukonda, Arun"]
[Result "0-1"]
[WhiteElo "1743"]
[BlackElo "1974"]
[WhiteFideId "2321769"]
[BlackFideId "5080789"]
[EventDate "2024.03.15"]

1. d4 d5 2. c4 e6 3. Nc3 Nf6 4. Bg5 dxc4 5. e3 c5 6. Bxc4 cxd4 7. exd4 Be7 8.
Nf3 O-O 9. O-O h6 10. Bf4 Nd5 11. Bg3 Nc6 12. Re1 b6 13. Rc1 Bb7 14. a3 Rc8 15.
Bxd5 exd5 16. Rc2 Ba6 17. Ne2 Bc4 18. Rc3 Bf6 19. Nf4 g6 20. b3 Ba6 21. Qd2 Bg7
22. Rce3 Na5 23. Ne5 h5 24. Nexg6 fxg6 25. Nxg6 Bh6 26. Ne7+ Qxe7 27. Qxa5 Bxe3
28. fxe3 bxa5 0-1

[Event "Reykjavik Open 2024"]
[Site "Reykjavik ISL"]
[Date "2024.03.18"]
[Round "5.159"]
[White "Gislason, Gudmundur"]
[Black "Magnussen, Petur Gardar"]
[Result "1-0"]
[WhiteTitle "FM"]
[WhiteElo "2266"]
[BlackElo "1727"]
[WhiteFideId "2300559"]
[BlackFideId "7203802"]
[EventDate "2024.03.15"]

1. d4 d5 2. c4 e6 3. Nf3 Nf6 4. Nc3 Be7 5. Bg5 Nbd7 6. cxd5 exd5 7. e3 O-O 8.
Bd3 c6 9. O-O h6 10. Bh4 Ne4 11. Bg3 Nxg3 12. hxg3 Nf6 13. a3 Bg4 14. Qc2 Bxf3
15. gxf3 c5 16. Ne2 Rc8 17. Bf5 Rc6 18. dxc5 Bxc5 19. Qd3 Qd6 20. Rfd1 Rd8 21.
Bh3 Nh7 22. Bg2 Rc7 23. f4 Rcd7 24. Bh3 Re7 25. b4 Bb6 26. Bg2 Nf6 27. Qb3 Qe6
28. Nd4 Bxd4 29. Rxd4 Red7 30. Rad1 Qc6 31. b5 Qc5 32. a4 b6 33. Bf3 Kh7 34. Kg2
g6 35. g4 g5 36. fxg5 hxg5 37. Qd3+ Kg7 38. Qf5 Rd6 39. Qxg5+ Kf8 40. e4 dxe4
41. Qxc5 exf3+ 42. Kxf3 bxc5 43. Rxd6 Rxd6 44. Rxd6 1-0

[Event "Reykjavik Open 2024"]
[Site "Reykjavik ISL"]
[Date "2024.03.18"]
[Round "5.160"]
[White "MacArthur, John"]
[Black "Salzmann, Jan"]
[Result "1-0"]
[WhiteElo "1962"]
[BlackElo "1722"]
[WhiteFideId "2005352"]
[BlackFideId "24693634"]
[EventDate "2024.03.15"]

1. Nc3 e5 2. e4 Nc6 3. f4 exf4 4. Nf3 Bc5 5. d4 Bb6 6. Bxf4 d6 7. Qd2 Nf6 8. d5
Ne7 9. Bg5 Ng4 10. h3 Ne5 11. Nxe5 dxe5 12. Bb5+ Bd7 13. d6 cxd6 14. Qxd6 Bxb5
15. Nxb5 f6 16. Bxf6 gxf6 17. Qxf6 Rf8 18. Qe6 Bf2+ 19. Ke2 Qc8 20. Nd6+ 1-0

[Event "Reykjavik Open 2024"]
[Site "Reykjavik ISL"]
[Date "2024.03.18"]
[Round "5.162"]
[White "Y Castro, Vitor Fernandez"]
[Black "Dyshliuk, Fedir"]
[Result "0-1"]
[WhiteElo "1630"]
[BlackElo "1740"]
[WhiteFideId "44760973"]
[BlackFideId "34142827"]
[EventDate "2024.03.15"]

1. e4 c6 2. d4 d5 3. e5 c5 4. dxc5 e6 5. a3 Bxc5 6. b4 Bb6 7. Qg4 g6 8. Nf3 Nd7
9. Bd3 Qc7 10. Bb2 Ne7 11. O-O O-O 12. h4 Re8 13. Nbd2 Nf8 14. Rac1 Qd8 15. Qf4
Nf5 16. Bxf5 exf5 17. Qh6 Be6 18. Ng5 Qd7 19. Ndf3 Bd8 20. Bd4 b6 21. Be3 f6 22.
Nxe6 Nxe6 23. exf6 Bxf6 24. Ng5 Nf8 25. Nf3 Re4 26. Bf4 Bg7 27. Qg5 Ne6 28. Qg3
Nxf4 29. Ng5 Ne2+ 0-1

[Event "Reykjavik Open 2024"]
[Site "Reykjavik ISL"]
[Date "2024.03.18"]
[Round "5.163"]
[White "Andrieu, Justin"]
[Black "Beyerle, Gregor"]
[Result "0-1"]
[WhiteElo "1720"]
[BlackElo "1610"]
[WhiteFideId "1099795"]
[BlackFideId "34614494"]
[EventDate "2024.03.15"]

1. e4 c5 2. Nf3 Nc6 3. d4 cxd4 4. Nxd4 g6 5. Nc3 Bg7 6. Be3 Nf6 7. Bc4 O-O 8. f3
Na5 9. Bd3 d5 10. exd5 Nxd5 11. Nxd5 Qxd5 12. c3 Nc4 13. Qb3 Nxe3 0-1

[Event "Reykjavik Open 2024"]
[Site "Reykjavik ISL"]
[Date "2024.03.18"]
[Round "5.164"]
[White "Gudmundsson, Eirikur Orri"]
[Black "Hallmundarson, Birkir"]
[Result "0-1"]
[WhiteElo "1536"]
[BlackElo "1708"]
[WhiteFideId "2325560"]
[BlackFideId "2319446"]
[EventDate "2024.03.15"]

1. Nf3 Nf6 2. d4 d5 3. g3 c5 4. Bg2 cxd4 5. O-O Nc6 6. Nxd4 e5 7. Nxc6 bxc6 8.
Nc3 Be6 9. a3 a5 10. e3 Qd7 11. Na4 Rb8 12. e4 d4 13. Bg5 c5 14. b3 c4 15. Nb2
cxb3 16. c3 dxc3 17. Qxd7+ Nxd7 18. Nd3 b2 19. Nxb2 cxb2 20. Rab1 Ba2 21. Rxb2
Rxb2 22. Rc1 Rb1 23. Bf1 Rxc1 24. Bxc1 0-1

[Event "Reykjavik Open 2024"]
[Site "Reykjavik ISL"]
[Date "2024.03.18"]
[Round "5.165"]
[White "Ernisson, Petur Ulfar"]
[Black "Molina Cruz, Jurgen Snaider"]
[Result "0-1"]
[WhiteElo "1450"]
[BlackElo "1708"]
[WhiteFideId "2326116"]
[BlackFideId "3911381"]
[EventDate "2024.03.15"]

1. e4 Nf6 2. e5 Nd5 3. Nf3 Nc6 4. Bc4 Nb6 5. Bb3 d6 6. e6 Bxe6 7. Bxe6 fxe6 8.
Ng5 Qd7 9. O-O Ne5 10. d4 Nf7 11. Nxf7 Kxf7 12. Qf3+ Ke8 13. Qxb7 c6 14. Qxd7+
Kxd7 15. Nc3 g6 16. Re1 Bg7 17. Be3 Nc4 18. Bc1 Bxd4 19. Re4 Bxc3 20. bxc3 d5
21. Re1 Rab8 22. h3 Rhf8 23. Bg5 Rb2 24. Rec1 Na3 25. Be3 Nxc2 26. Rab1 Rxb1 27.
Rxb1 Nxe3 28. fxe3 Kc7 29. Rb4 c5 30. Ra4 Kb6 31. Ra3 a5 32. Rb3+ Kc6 33. a4 e5
34. Rb5 d4 35. Rb3 Kd5 36. exd4 exd4 37. cxd4 cxd4 38. Rb7 Rf7 39. Ra7 Ke4 40.
Rb7 d3 41. Rb1 d2 42. g4 Ke3 43. Rb3+ Ke2 44. Rb2 Ke1 0-1

[Event "Reykjavik Open 2024"]
[Site "Reykjavik ISL"]
[Date "2024.03.18"]
[Round "5.167"]
[White "Sigfusson, Ottar Orn Bergmann"]
[Black "Vatneodegard, Marie"]
[Result "1-0"]
[WhiteElo "1693"]
[BlackElo "1575"]
[WhiteFideId "2313057"]
[BlackFideId "1546961"]
[EventDate "2024.03.15"]

1. e4 Nf6 2. Nc3 d5 3. d3 d4 4. Nce2 e5 5. h3 Nc6 6. f4 Bd6 7. Nf3 Qe7 8. fxe5
Bxe5 9. c3 dxc3 10. bxc3 Nh5 11. Nxe5 Nxe5 12. Be3 b6 13. Nd4 Nf6 14. Be2 O-O
15. O-O h6 16. Nf5 Bxf5 17. Rxf5 Ng6 18. Qb3 c5 19. Raf1 Nh4 20. R5f2 Kh7 21.
Qc2 Ng6 22. Qd2 Rad8 23. Qc2 Ne5 24. d4 Ng6 25. e5 Nd5 26. Bc1 cxd4 27. cxd4 Rc8
28. Qb3 Rcd8 29. Ba3 Qg5 30. Bxf8 Ndf4 31. Bd6 Rc8 32. e6 Nxe6 33. Rxf7 Nxd4 34.
Qd3 Nxe2+ 35. Qxe2 Rc1 36. Rxg7+ Kxg7 37. Qb2+ Kh7 38. Qxc1 Qd8 39. Qc7+ Qxc7
40. Bxc7 Kg8 41. Bb8 a6 42. Rf6 Ne7 43. Rxb6 Nd5 44. Rxa6 Kh7 45. Rd6 Nc3 46. a3
Nb5 47. Rd3 1-0

[Event "Reykjavik Open 2024"]
[Site "Reykjavik ISL"]
[Date "2024.03.18"]
[Round "6.1"]
[White "Seemann, Jakub"]
[Black "Moussard, Jules"]
[Result "1/2-1/2"]
[WhiteTitle "IM"]
[BlackTitle "GM"]
[WhiteElo "2451"]
[BlackElo "2621"]
[WhiteFideId "21874697"]
[BlackFideId "642908"]
[EventDate "2024.03.15"]

1. e4 c5 2. Nf3 d6 3. Bb5+ Nd7 4. O-O a6 5. Bd3 e6 6. c3 Ngf6 7. Re1 Be7 8. Bc2
b5 9. d4 Bb7 10. Nbd2 cxd4 11. cxd4 Rc8 12. Nf1 O-O 13. Ng3 Re8 14. a4 Bc6 15.
axb5 axb5 16. Bd2 Qb6 17. Bb4 Bf8 18. Qd2 Qb7 19. Re2 h6 20. Qe1 Nb8 21. Bd3
Nfd7 22. Rc2 Na6 23. Bd2 Ndb8 24. b3 Bd7 25. Rca2 Qb6 26. Ba5 Qb7 27. Bd2 Qb6
28. b4 Nc7 29. Qb1 Nc6 30. Qb2 g6 31. Ne2 Bg7 32. Be3 Qb7 33. Qd2 h5 34. Bf4 e5
35. Bh6 exd4 36. Bxg7 Kxg7 37. Nexd4 Ne5 38. Nxe5 dxe5 39. Ra7 Qb6 40. Nb3 Ra8
41. R7a5 Qd6 42. h4 Rxa5 43. Rxa5 Rb8 44. Nc5 Ne6 45. Ra6 Qc7 46. Nxe6+ Bxe6 47.
Qb2 Rd8 48. Bxb5 Rd1+ 49. Kh2 Rd4 50. Bf1 Qe7 51. g3 Qxb4 52. Qxb4 Rxb4 53. Bg2
Rb2 54. Kg1 Rb1+ 55. Kh2 Rb2 1/2-1/2

[Event "Reykjavik Open 2024"]
[Site "Reykjavik ISL"]
[Date "2024.03.18"]
[Round "6.2"]
[White "Deac, Bogdan-Daniel"]
[Black "Steingrimsson, Hedinn"]
[Result "1-0"]
[WhiteTitle "GM"]
[BlackTitle "GM"]
[WhiteElo "2690"]
[BlackElo "2477"]
[WhiteFideId "1226380"]
[BlackFideId "2300117"]
[EventDate "2024.03.15"]

1. e4 e5 2. Nf3 Nc6 3. Bb5 a6 4. Ba4 Nf6 5. O-O Be7 6. d3 b5 7. Bb3 d6 8. c3 O-O
9. a4 Rb8 10. axb5 axb5 11. h3 b4 12. Re1 bxc3 13. bxc3 Bb7 14. Nbd2 Ra8 15. Rb1
Na5 16. Bc2 c5 17. Nf1 Qc7 18. Ng3 Rfb8 19. Nf5 Bf8 20. Bg5 Ne8 21. Ne3 Be7 22.
Bxe7 Qxe7 23. d4 f6 24. Bd3 Kh8 25. d5 g6 26. Qe2 Ng7 27. Rb5 Bc8 28. Rxb8 Rxb8
29. Qa2 Qc7 30. Ra1 Nb3 31. Rb1 c4 32. Nxc4 Nc5 33. Rxb8 Qxb8 34. Bc2 Ba6 35.
Na5 Nh5 36. Nd2 Nf4 37. Kh2 Nfd3 38. Bxd3 Bxd3 39. f3 Qa7 40. Qa3 Nb7 41. Nac4
Qxa3 42. Nxa3 f5 43. Kg3 Kg7 44. c4 Kf6 45. exf5 gxf5 46. f4 e4 47. Kf2 h5 48.
g3 Na5 49. Ke3 h4 50. gxh4 Kg6 51. Kd4 Kh5 52. Nb5 Nb7 53. Ke3 Kxh4 54. Nd4 Kxh3
55. Nxf5 Kg4 56. Nh6+ Kh5 57. Nf7 Kg6 58. Ng5 Na5 59. Ngxe4 Bxc4 60. Nxc4 Nxc4+
61. Kd4 Nb6 62. Nxd6 Nd7 63. Ke4 Nc5+ 64. Kf3 Na4 65. Ne4 Kf5 66. d6 Ke6 67. f5+
Kd7 68. Ke3 Nb6 69. Kd4 Kc6 70. f6 1-0